000 00335nam a22001457a 4500
008 230622b ||||| |||| 00| 0 eng d
020 _a9780132409810
041 _aeng
080 _2FIFTH EDITION
_a004
082 _a004BRO
100 _a18
101 _aSHKI
245 _aMAINTAINING REPAIRING PCS
_cBROOKS.J.CH
942 _2udc
_cBK
999 _c60019
_d60019